000 00346nam a2200145Ia 4500
008 151213s9999 xx 000 0 und d
100 _aP. C. Sarker
245 _aPublic Demands Recovery Act
_cP. C. Sarker
260 _aEafcalta
_bSarker
_c1986
300 _a2095 p.
650 _aLaw
650 _aLaw
700 _aP. C. Sarker
999 _c1544
_d1544